[Event "BCF-chTb 1920 (4NCL)"]
[Site "Daventry"]
[Date "2020.03.01"]
[Round "2.53"]
[White "Dorrington, Christopher"]
[Black "Lupulescu, Constantin"]
[Result "0-1"]
[WhiteElo "2317"]
[BlackElo "2649"]
[PlyCount "76"]
[EventDate "2019.11.09"]
[EventType "team-tourn"]
[EventRounds "11"]
[EventCountry "ENG"]
[SourceTitle "CBM 195 Extra"]
[Source "ChessBase"]
[SourceDate "2020.05.31"]
[SourceVersion "1"]
[SourceVersionDate "2020.05.31"]
[SourceQuality "1"]
[WhiteTeam "Grantham Sharks"]
[BlackTeam "Chess.com Manx Liberty"]
[WhiteTeamCountry "ENG"]
[BlackTeamCountry "ENG"]

1. Nf3 d5 2. d4 Nf6 3. c4 e6 4. Nc3 Nbd7 5. Bg5 c6 6. e3 Qa5 7. Nd2 dxc4 8. Bxf6 Nxf6 9. Nxc4 Qc7 10. Be2 Be7 11. 0-0 0-0 12. Rc1 Rd8 13. Qb3 Bd7 14. Bf3 Be8 15. Rfd1 Rac8 16. Ne4 Nxe4 17. Bxe4 b6 18. Qc2 g6 19. a3 c5 20. dxc5 Rxd1+ 21. Qxd1 Qxc5 22. Bb7 Rc7 23. Bf3 a5 24. a4 Qb4 25. b3 b5 26. axb5 Bxb5 27. Nd2 Rd7 28. Rc2 a4 29. Qc1 a3 30. h3 Bd3 31. Ra2 Ra7 32. Bd1 Bf6 33. Bc2 Rc7 34. Qd1 Rxc2 35. Rxc2 Bxc2 36. Qxc2 Qc3 37. Qa2 Qb2 38. Qxb2 Bxb2 0-1

[Event "BCF-chTb 1920 (4NCL)"]
[Site "Daventry"]
[Date "2020.02.29"]
[Round "1.73"]
[White "Weaving, Richard"]
[Black "Dorrington, Christopher"]
[Result "0-1"]
[WhiteElo "2335"]
[BlackElo "2317"]
[PlyCount "104"]
[EventDate "2019.11.09"]
[EventType "team-tourn"]
[EventRounds "11"]
[EventCountry "ENG"]
[SourceTitle "CBM 195 Extra"]
[Source "ChessBase"]
[SourceDate "2020.05.31"]
[SourceVersion "1"]
[SourceVersionDate "2020.05.31"]
[SourceQuality "1"]
[WhiteTeam "Wood Green Monarchs"]
[BlackTeam "Grantham Sharks"]
[WhiteTeamCountry "ENG"]
[BlackTeamCountry "ENG"]

1. e4 c5 2. Nf3 e6 3. b3 Nf6 4. e5 Nd5 5. Bb2 Nc6 6. c4 Nde7 7. Nc3 d6 8. exd6 Nf5 9. Ne4 Bxd6 10. g4 Nfd4 11. Nxd4 cxd4 12. Nxd6+ Qxd6 13. d3 0-0 14. Bg2 e5 15. h3 f5 16. Qe2 Qb4+ 17. Kd1 Bd7 18. Kc2 b5 19. a3 Qa5 20. Bd5+ Kh8 21. g5 bxc4 22. Bxc4 Rae8 23. Qh5 Be6 24. g6 h6 25. Bxe6 Rxe6 26. Rac1 Qb5 27. Qd1 Rb8 28. Kb1 Qxb3 29. Qxb3 Rxb3 30. Rc5 Rxg6 31. Rhc1 Rb6 32. a4 Nb4 33. Rd1 Rge6 34. f4 exf4 35. Rxf5 Nc6 36. Rd2 Re1+ 37. Ka2 Rf1 38. h4 Rf3 39. Ka3 Rb7 40. Rb5 Rf7 41. Rd5 Rf6 42. h5 Rh3 43. Kb3 f3 44. Rf2 Rh4 45. Kc4 Rg4 46. Ba3 Rg2 47. Rf1 f2 48. Kc5 Ne7 49. Rd8+ Kh7 50. Re8 Nf5 51. Rb1 Ng3 52. Rbb8 Nxh5 0-1

[Event "BCF-chT2b 1819 (4NCL)"]
[Site "England"]
[Date "2019.03.16"]
[Round "7.52"]
[White "Gill, Oliver"]
[Black "Dorrington, Christopher"]
[Result "0-1"]
[WhiteElo "2135"]
[BlackElo "2309"]
[PlyCount "122"]
[EventDate "2018.11.10"]
[EventType "team-tourn"]
[EventRounds "11"]
[EventCountry "ENG"]
[SourceTitle "EXT 2021"]
[Source "ChessBase"]
[SourceDate "2020.10.23"]
[SourceVersion "1"]
[SourceVersionDate "2020.10.23"]
[SourceQuality "1"]
[WhiteTeam "Wessex"]
[BlackTeam "Barbican II"]
[WhiteTeamCountry "ENG"]
[BlackTeamCountry "ENG"]

1. e4 c6 2. d4 d5 3. e5 Bf5 4. h4 h5 5. Bd3 Bxd3 6. Qxd3 e6 7. Bg5 Qb6 8. Nd2 Ne7 9. Ngf3 Qa6 10. c4 Nd7 11. 0-0 Nf5 12. Qc3 dxc4 13. Nxc4 Nb6 14. Ne3 Nxe3 15. fxe3 c5 16. dxc5 Nd5 17. Qd4 b6 18. cxb6 axb6 19. Qe4 Bc5 20. Nd4 0-0 21. Rf2 Nb4 22. a3 Qd3 23. Qf3 Qg6 24. Nb3 Nd3 25. Nxc5 bxc5 26. Rd2 Nxe5 27. Qe2 Rfc8 28. Rad1 f6 29. Bf4 Nf7 30. e4 e5 31. Bh2 Rc7 32. Kh1 Nh6 33. Rd8+ Rxd8 34. Rxd8+ Kh7 35. Bg1 c4 36. Rd5 c3 37. bxc3 Rxc3 38. a4 Ra3 39. a5 Qg3 40. Qf2 Qxf2 41. Bxf2 Ng4 42. Bg1 Ra1 43. Rd2 Rxa5 44. g3 Ra4 45. Re2 Kg6 46. Kg2 Rc4 47. Bb6 Kf7 48. Bg1 Ke6 49. Bb6 Nh6 50. Bg1 Nf7 51. Kf3 Nd6 52. Bf2 Rc3+ 53. Kg2 g5 54. hxg5 fxg5 55. Re1 Rc4 56. Bb6 Nxe4 57. Rh1 Rc2+ 58. Kf3 Nf6 59. Bd8 g4+ 60. Ke3 Rc3+ 61. Ke2 Ne4 0-1

[Event "BCF-chT1b 1718 (4NCL)"]
[Site "England"]
[Date "2018.01.14"]
[Round "4.64"]
[White "Dorrington, Christopher"]
[Black "Berry, Neil"]
[Result "1-0"]
[WhiteElo "2321"]
[BlackElo "2283"]
[PlyCount "73"]
[EventDate "2017.11.11"]
[EventType "team-swiss"]
[EventRounds "11"]
[EventCountry "ENG"]
[SourceTitle "EXT 2019"]
[Source "ChessBase"]
[SourceDate "2018.10.10"]
[SourceVersion "1"]
[SourceVersionDate "2018.10.10"]
[SourceQuality "1"]
[WhiteTeam "Barbican"]
[BlackTeam "Alba"]
[WhiteTeamCountry "ENG"]
[BlackTeamCountry "ENG"]

1. d4 Nf6 2. Nf3 d5 3. c4 e6 4. Nc3 Bb4 5. e3 0-0 6. Bd3 c5 7. 0-0 cxd4 8. exd4 dxc4 9. Bxc4 b6 10. Qe2 Bb7 11. Rd1 Nbd7 12. Bg5 Bxc3 13. bxc3 Qc7 14. Bd3 h6 15. Bd2 Rfd8 16. Rac1 Qd6 17. a4 Nc5 18. Bc2 Nce4 19. Be1 Qd5 20. c4 Qh5 21. Qe3 Ng4 22. Qf4 g5 23. Qc7 Nd6 24. d5 exd5 25. Bb4 Nf6 26. Qe7 Nfe8 27. Ne5 Rac8 28. Nd7 Rxd7 29. Qxd7 Bc6 30. Qe7 Rc7 31. Qe1 Nxc4 32. Rxd5 Qg4 33. h3 Qe6 34. Rd8 Ne5 35. Bb3 Nf3+ 36. gxf3 Qxh3 37. Rxe8+ 1-0

[Event "BCF-chT1b 1516 (4NCL)"]
[Site "England"]
[Date "2016.02.14"]
[Round "6.161"]
[White "Adair, James R"]
[Black "Dorrington, Christopher"]
[Result "1-0"]
[WhiteElo "2454"]
[BlackElo "2337"]
[PlyCount "83"]
[EventDate "2015.11.14"]
[EventType "team-swiss"]
[EventRounds "11"]
[EventCountry "ENG"]
[SourceTitle "CBM 170 Extra"]
[Source "ChessBase"]
[SourceDate "2016.02.25"]
[SourceVersion "1"]
[SourceVersionDate "2016.02.25"]
[SourceQuality "1"]
[WhiteTeam "White Rose"]
[BlackTeam "Barbican II"]
[WhiteTeamCountry "ENG"]
[BlackTeamCountry "ENG"]

1. e4 Nf6 2. e5 Nd5 3. d4 d6 4. c4 Nb6 5. exd6 exd6 6. Nc3 Be7 7. Bd3 Nc6 8. Nge2 0-0 9. 0-0 Bf6 10. Be3 Nb4 11. b3 Nxd3 12. Qxd3 c6 13. a4 a5 14. d5 cxd5 15. Bxb6 Qxb6 16. Nxd5 Qd8 17. Rad1 Ra6 18. f4 Re8 19. Kh1 Be6 20. Ne3 g6 21. Ng3 Qb6 22. f5 gxf5 23. Ngxf5 Qc5 24. Nxd6 Rd8 25. Nxb7 Rxd3 26. Nxc5 Rxd1 27. Rxd1 Rb6 28. Nxe6 fxe6 29. Rd3 Kf7 30. g3 h5 31. Kg2 Ke7 32. Kf3 Rb8 33. Ng2 Kf7 34. Ke4 Rg8 35. Rd7+ Be7 36. Rb7 Rg4+ 37. Nf4 h4 38. Kf3 hxg3 39. hxg3 Rg8 40. Rb6 Bc5 41. Rc6 Bg1 42. Ne2 1-0

[Event "BCF-chT1a 1516 (4NCL)"]
[Site "England"]
[Date "2016.02.13"]
[Round "5.135"]
[White "Dorrington, Christopher"]
[Black "Gayson, Peter"]
[Result "1-0"]
[WhiteElo "2337"]
[BlackElo "2143"]
[PlyCount "97"]
[EventDate "2015.11.14"]
[EventType "team-tourn"]
[EventRounds "7"]
[EventCountry "ENG"]
[SourceTitle "CBM 170 Extra"]
[Source "ChessBase"]
[SourceDate "2016.02.25"]
[SourceVersion "1"]
[SourceVersionDate "2016.02.25"]
[SourceQuality "1"]
[WhiteTeam "Barbican"]
[BlackTeam "White Rose II"]
[WhiteTeamCountry "ENG"]
[BlackTeamCountry "ENG"]

1. d4 f5 2. g3 g6 3. Bg2 Bg7 4. h4 Nf6 5. Nh3 0-0 6. Nc3 d6 7. e4 fxe4 8. Nxe4 Nxe4 9. Bxe4 d5 10. Bg2 Nc6 11. c3 e5 12. dxe5 Bxh3 13. Rxh3 Nxe5 14. Bg5 Qe8 15. Qxd5+ Kh8 16. Kf1 Ng4 17. Bf3 c6 18. Qd1 Ne5 19. Be2 h6 20. Bf4 Rd8 21. Qc2 Qe6 22. Rh2 Ng4 23. Rh1 Qd5 24. Kg1 Ne5 25. Kh2 Nf3+ 26. Bxf3 Qxf3 27. Rhd1 Rde8 28. Re1 g5 29. hxg5 hxg5 30. Rxe8 Rxe8 31. Qg6 Re2 32. Qxg5 Qxf2+ 33. Kh3 Qh2+ 34. Kg4 Re8 35. Qh5+ Qxh5+ 36. Kxh5 Re2 37. Kg6 Re6+ 38. Kf7 Rf6+ 39. Ke7 Kg8 40. Rd1 Rf7+ 41. Kd8 Rf5 42. Kc7 Rb5 43. Rd2 a5 44. c4 Rc5 45. b3 b5 46. Kb6 Bf8 47. Rd8 Rf5 48. Bd6 bxc4 49. bxc4 1-0

[Event "BCF-chT1b 1516 (4NCL)"]
[Site "England"]
[Date "2015.11.15"]
[Round "2.176"]
[White "Webb, Laurence"]
[Black "Dorrington, Christopher"]
[Result "1/2-1/2"]
[WhiteElo "2297"]
[BlackElo "2329"]
[PlyCount "41"]
[EventDate "2015.11.14"]
[EventType "team-swiss"]
[EventRounds "11"]
[EventCountry "ENG"]
[SourceTitle "CBM 169 Extra"]
[Source "ChessBase"]
[SourceDate "2015.12.18"]
[SourceVersion "1"]
[SourceVersionDate "2015.12.18"]
[SourceQuality "1"]
[WhiteTeam "Blackthorne Russia"]
[BlackTeam "Barbican II"]
[WhiteTeamCountry "ENG"]
[BlackTeamCountry "ENG"]

1. e4 c5 2. Nf3 e6 3. c3 Nf6 4. Bd3 d5 5. e5 Nfd7 6. Bc2 d4 7. 0-0 Nc6 8. Qe2 g5 9. d3 g4 10. Ng5 Ndxe5 11. f4 gxf3 12. Nxf3 Bg7 13. Nbd2 Qe7 14. cxd4 Nxf3+ 15. Nxf3 cxd4 16. Ng5 0-0 17. Qh5 h6 18. Nh3 Kh7 19. Ng5+ Kg8 20. Nh3 Kh7 21. Ng5+ 1/2-1/2

[Event "4NCL-chT rapid"]
[Site "Daventry"]
[Date "2014.10.04"]
[Round "5.3"]
[White "Dorrington, Christopher"]
[Black "Bullen, Alex"]
[Result "1-0"]
[WhiteElo "2329"]
[BlackElo "2021"]
[PlyCount "65"]
[EventDate "2014.10.04"]
[EventType "team-swiss (rapid)"]
[EventRounds "7"]
[EventCountry "ENG"]
[SourceTitle "CBM 162 Extra"]
[Source "ChessBase"]
[SourceDate "2014.10.17"]
[SourceVersion "1"]
[SourceVersionDate "2014.10.17"]
[SourceQuality "1"]
[WhiteTeam "Barbican"]
[BlackTeam "West is Best"]
[WhiteTeamCountry "ENG"]
[BlackTeamCountry "ENG"]

1. Nf3 d5 2. c4 e6 3. d4 Nf6 4. g3 dxc4 5. Bg2 a6 6. 0-0 b5 7. Ne5 Nd5 8. e4 Nf6 9. Nc3 Bb7 10. Re1 Be7 11. f4 0-0 12. g4 c5 13. d5 b4 14. g5 bxc3 15. gxf6 cxb2 16. fxe7 bxa1Q 17. exd8Q Rxd8 18. Qh5 g6 19. Qh4 Nd7 20. Be3 Qb2 21. Nxf7 Rf8 22. Ng5 Nf6 23. e5 Nh5 24. Nxe6 Rf7 25. Nxc5 Qb4 26. e6 Rc7 27. Nxb7 Rxb7 28. d6 Qxd6 29. Bxb7 Rb8 30. e7 Kf7 31. Ba7 c3 32. Bxb8 Qb6+ 33. Qf2 1-0

[Event "4NCL-chT rapid"]
[Site "Daventry"]
[Date "2014.10.04"]
[Round "7.1"]
[White "Roberson, Peter T"]
[Black "Dorrington, Christopher"]
[Result "1-0"]
[WhiteElo "2415"]
[BlackElo "2329"]
[PlyCount "79"]
[EventDate "2014.10.04"]
[EventType "team-swiss (rapid)"]
[EventRounds "7"]
[EventCountry "ENG"]
[SourceTitle "CBM 162 Extra"]
[Source "ChessBase"]
[SourceDate "2014.10.17"]
[SourceVersion "1"]
[SourceVersionDate "2014.10.17"]
[SourceQuality "1"]
[WhiteTeam "Grantham"]
[BlackTeam "Barbican"]
[WhiteTeamCountry "ENG"]
[BlackTeamCountry "ENG"]

1. e4 d6 2. d4 g6 3. Be3 Bg7 4. Nc3 Nd7 5. Qd2 a6 6. h4 h5 7. Nh3 e6 8. Ng5 Nh6 9. Bc4 Qe7 10. a4 b6 11. f3 Bb7 12. 0-0 Nf8 13. b4 f6 14. Nh3 Nf7 15. Ne2 Bh6 16. d5 Bxe3+ 17. Qxe3 exd5 18. Bb3 dxe4 19. fxe4 Rh7 20. Nc3 Ne5 21. Nf4 Ng4 22. Qh3 Qe5 23. Nfd5 Bc8 24. Rad1 a5 25. bxa5 Rxa5 26. Nxf6+ Kd8 27. Nxh7 Nxh7 28. Nd5 c6 29. Rf7 Ngf6 30. Qe3 Rxd5 31. Qxb6+ Ke8 32. Bxd5 cxd5 33. Qc7 Bd7 34. Rg7 Kf8 35. Rxd7 Nxd7 36. Qxd7 Nf6 37. Rf1 dxe4 38. Qd8+ Kf7 39. Qxf6+ Qxf6 40. Rxf6+ 1-0

[Event "BCF-chT1d 1314 (4NCL) Demotion pool"]
[Site "England"]
[Date "2014.03.23"]
[Round "8.157"]
[White "Dorrington, Christopher"]
[Black "Lewis, Alex"]
[Result "1/2-1/2"]
[WhiteElo "2315"]
[BlackElo "2173"]
[PlyCount "79"]
[EventDate "2013.11.16"]
[EventType "team-tourn"]
[EventRounds "4"]
[EventCountry "ENG"]
[SourceTitle "EXT 2015"]
[Source "ChessBase"]
[SourceDate "2014.11.20"]
[SourceVersion "1"]
[SourceVersionDate "2014.11.20"]
[SourceQuality "1"]
[WhiteTeam "Barbican"]
[BlackTeam "Kings Head"]
[WhiteTeamCountry "ENG"]
[BlackTeamCountry "ENG"]

1. Nf3 g6 2. e4 c5 3. d4 cxd4 4. Qxd4 Nf6 5. e5 Nc6 6. Qf4 Nd5 7. Qe4 Qa5+ 8. Bd2 Qc5 9. Nc3 Nxc3 10. Bxc3 Bg7 11. Qc4 Qxc4 12. Bxc4 d6 13. exd6 Bxc3+ 14. bxc3 exd6 15. 0-0-0 Ke7 16. Rhe1+ Be6 17. Ng5 Ne5 18. Bxe6 fxe6 19. f4 h6 20. fxe5 hxg5 21. exd6+ Kd7 22. Re5 Rh5 23. Rd3 Rf8 24. c4 Rf5 25. Rxf5 gxf5 26. h3 Rh4 27. c5 Rc4 28. Rb3 Kc6 29. Rg3 Rxc5 30. Rxg5 Kxd6 31. Rg7 Rb5 32. g4 fxg4 33. Rxg4 Rh5 34. h4 Ke5 35. Kd2 Kf5 36. Rb4 b6 37. Ke3 e5 38. Kf3 Rh7 39. Rc4 b5 40. Rg4 1/2-1/2

[Event "BCF-chT1b 1314 (4NCL)"]
[Site "England"]
[Date "2014.02.15"]
[Round "5.165"]
[White "Dorrington, Christopher"]
[Black "Crouch, Colin S"]
[Result "1-0"]
[WhiteElo "2315"]
[BlackElo "2366"]
[PlyCount "43"]
[EventDate "2013.11.16"]
[EventType "team-tourn"]
[EventRounds "7"]
[EventCountry "ENG"]
[SourceTitle "EXT 2015"]
[Source "ChessBase"]
[SourceDate "2014.11.20"]
[SourceVersion "1"]
[SourceVersionDate "2014.11.20"]
[SourceQuality "1"]
[WhiteTeam "Barbican"]
[BlackTeam "e2e4.org.uk"]
[WhiteTeamCountry "ENG"]
[BlackTeamCountry "ENG"]

1. Nf3 d5 2. d4 c6 3. c4 Nf6 4. Nc3 e6 5. e3 a6 6. Ne5 Nbd7 7. f4 c5 8. cxd5 exd5 9. Qf3 cxd4 10. exd4 Bb4 11. Bd3 0-0 12. 0-0 Nb6 13. g4 Ne8 14. f5 Nc7 15. f6 g6 16. Bh6 Re8 17. Nxg6 hxg6 18. Bxg6 Nd7 19. Bh7+ Kxh7 20. Qf5+ Kh8 21. Bg7+ Kg8 22. Qh5 1-0

[Event "BCF-chT1a 1314 (4NCL)"]
[Site "England"]
[Date "2013.11.16"]
[Round "1.137"]
[White "Dorrington, Christopher"]
[Black "Webb, Laurence"]
[Result "1-0"]
[WhiteElo "2315"]
[BlackElo "2276"]
[PlyCount "81"]
[EventDate "2013.11.16"]
[EventType "team-tourn"]
[EventRounds "7"]
[EventCountry "ENG"]
[SourceTitle "EXT 2015"]
[Source "ChessBase"]
[SourceDate "2014.11.20"]
[SourceVersion "1"]
[SourceVersionDate "2014.11.20"]
[SourceQuality "1"]
[WhiteTeam "Barbican II"]
[BlackTeam "Blackthorne Russia"]
[WhiteTeamCountry "ENG"]
[BlackTeamCountry "ENG"]

1. d4 Nf6 2. c4 e6 3. Nf3 Bb4+ 4. Nbd2 0-0 5. a3 Be7 6. e4 d5 7. Bd3 dxe4 8. Nxe4 Nxe4 9. Bxe4 Nd7 10. 0-0 c5 11. Bc2 cxd4 12. Nxd4 Bf6 13. Be3 Ne5 14. Qe2 Bd7 15. Be4 Qc7 16. Rac1 Nc6 17. Nb5 Qe5 18. Bxh7+ Kxh7 19. Qd3+ Qf5 20. Qxd7 Bxb2 21. Rb1 Ne5 22. Qc7 Rfc8 23. Qxb7 Rab8 24. Qa6 Nxc4 25. Nxa7 Rc7 26. Nc6 Rb5 27. Nd4 Bxd4 28. Rxb5 Qd3 29. Rh5+ Kg6 30. Rh3 Ra7 31. Qb5 Ra5 32. Rg3+ Kh7 33. Bxd4 Qxd4 34. Qb1+ f5 35. Qd1 Qxd1 36. Rxd1 Ra7 37. Rc3 Nxa3 38. Rc6 e5 39. Rc5 Re7 40. Ra1 Rd7 41. g4 1-0

[Event "BCF-chT1b 1213 (4NCL)"]
[Site "England"]
[Date "2013.02.23"]
[Round "5.185"]
[White "Dorrington, Christopher"]
[Black "Stepanyan, Henrik"]
[Result "1-0"]
[WhiteElo "2307"]
[BlackElo "2016"]
[PlyCount "97"]
[EventDate "2012.11.03"]
[EventType "team-tourn"]
[EventRounds "7"]
[EventCountry "ENG"]
[SourceTitle "EXT 2014"]
[Source "ChessBase"]
[SourceDate "2013.11.20"]
[SourceVersion "1"]
[SourceVersionDate "2013.11.20"]
[SourceQuality "1"]
[WhiteTeam "Barbican II"]
[BlackTeam "Warwicks Select"]
[WhiteTeamCountry "ENG"]
[BlackTeamCountry "ENG"]

1. Nf3 Nf6 2. c4 e6 3. Nc3 d5 4. d4 Be7 5. Bg5 0-0 6. e3 c6 7. Bd3 dxc4 8. Bxc4 Nd5 9. Bxe7 Qxe7 10. 0-0 Nxc3 11. bxc3 c5 12. Ne5 Nd7 13. f4 f6 14. Nf3 Kh8 15. e4 cxd4 16. cxd4 e5 17. f5 exd4 18. Qxd4 Qc5 19. Rfd1 Rb8 20. Rac1 b6 21. Bd5 Qxd4+ 22. Nxd4 Nc5 23. Nb3 Na6 24. Rd4 Bb7 25. Be6 Rbd8 26. Rcd1 Rxd4 27. Rxd4 Nb8 28. Kf2 Re8 29. Ke3 Nc6 30. Rc4 Nd8 31. Rc7 g6 32. Nd4 a6 33. g4 Nxe6 34. fxe6 Bc8 35. Rc6 b5 36. Kf4 Bb7 37. Rc7 Bc8 38. Rc6 Bb7 39. Rb6 Re7 40. Nb3 Kg7 41. Nc5 Bc8 42. Rc6 Bb7 43. Rd6 Bc8 44. Nd7 h6 45. e5 fxe5+ 46. Kxe5 Bxd7 47. Rxd7 Kf8 48. Kf6 Re8 49. e7+ 1-0

[Event "BCF-chT1d 1011 (4NCL) Demotion pool"]
[Site "England"]
[Date "2011.05.01"]
[Round "10.18"]
[White "Dorrington, Christopher"]
[Black "Birtwistle, Nigel"]
[Result "1-0"]
[WhiteElo "2263"]
[BlackElo "2229"]
[PlyCount "73"]
[EventDate "2010.11.06"]
[EventType "team-tourn"]
[EventRounds "4"]
[EventCountry "ENG"]
[SourceTitle "EXT 2012"]
[Source "ChessBase"]
[SourceDate "2011.11.24"]
[SourceVersion "1"]
[SourceVersionDate "2011.11.24"]
[SourceQuality "1"]
[WhiteTeam "Barbican II"]
[BlackTeam "Pandoras Box"]
[WhiteTeamCountry "ENG"]
[BlackTeamCountry "ENG"]

1. e4 c5 2. Nf3 g6 3. d4 Bg7 4. d5 d6 5. Nc3 a6 6. a4 e5 7. Be2 Ne7 8. Nd2 0-0 9. Nc4 b6 10. 0-0 f5 11. f4 Bb7 12. fxe5 dxe5 13. Bg5 h6 14. Bxe7 Qxe7 15. Nxb6 Ra7 16. Qd3 Qd8 17. a5 Nd7 18. Nc4 Nf6 19. Bf3 Nh7 20. Rae1 Ng5 21. Qe3 Ba8 22. b3 Rc7 23. Rd1 fxe4 24. Bxe4 Rcf7 25. Rxf7 Rxf7 26. d6 Nxe4 27. Nxe4 Rf4 28. Nxc5 Qg5 29. g3 Qg4 30. Rd2 Rf3 31. d7 Rxe3 32. d8Q+ Kh7 33. Qxa8 Rxg3+ 34. hxg3 Qxg3+ 35. Qg2 Qe1+ 36. Qf1 Qg3+ 37. Rg2 1-0

[Event "BCF-chT1b 1011 (4NCL)"]
[Site "England"]
[Date "2011.03.26"]
[Round "7.18"]
[White "Churm, Rohan"]
[Black "Dorrington, Christopher"]
[Result "1-0"]
[WhiteElo "2153"]
[BlackElo "2263"]
[PlyCount "75"]
[EventDate "2010.11.06"]
[EventType "team-tourn"]
[EventRounds "7"]
[EventCountry "ENG"]
[SourceTitle "EXT 2012"]
[Source "ChessBase"]
[SourceDate "2011.11.24"]
[SourceVersion "1"]
[SourceVersionDate "2011.11.24"]
[SourceQuality "1"]
[WhiteTeam "Cambridge"]
[BlackTeam "Barbican II"]
[WhiteTeamCountry "ENG"]
[BlackTeamCountry "ENG"]

1. e4 c5 2. Nc3 Nc6 3. g3 g6 4. Bg2 Bg7 5. d3 d6 6. Be3 Nf6 7. h3 Bd7 8. f4 0-0 9. Nf3 b5 10. 0-0 b4 11. Ne2 Rc8 12. g4 c4 13. Ng3 cxd3 14. cxd3 Ne8 15. Qd2 Qa5 16. d4 e6 17. f5 exf5 18. gxf5 Nf6 19. d5 Ne5 20. Nxe5 dxe5 21. a3 Rb8 22. axb4 Qxb4 23. Qxb4 Rxb4 24. Bc5 Rb3 25. Bxf8 Bxf8 26. fxg6 Rxg3 27. Rxf6 Bxh3 28. gxh7+ Kxh7 29. Kh2 Rxg2+ 30. Kxh3 Rxb2 31. Rxa7 Rb3+ 32. Kg4 Kg8 33. Rfxf7 Re3 34. Kf5 Bc5 35. Rg7+ Kh8 36. Rh7+ Kg8 37. Rag7+ Kf8 38. Rc7 1-0

[Event "GBR-ch 97th"]
[Site "Canterbury"]
[Date "2010.08.05"]
[Round "10"]
[White "Josse, Mark"]
[Black "Dorrington, Christopher"]
[Result "1/2-1/2"]
[WhiteElo "2128"]
[BlackElo "2255"]
[PlyCount "120"]
[EventDate "2010.07.26"]
[EventType "swiss"]
[EventRounds "11"]
[EventCountry "ENG"]
[SourceTitle "CBM 137 Extra"]
[Source "ChessBase"]
[SourceDate "2010.09.01"]
[SourceVersion "1"]
[SourceVersionDate "2010.09.01"]
[SourceQuality "1"]

1. e4 c5 2. Nc3 Nc6 3. Nf3 e6 4. d4 cxd4 5. Nxd4 Qc7 6. Ndb5 Qb8 7. Be3 a6 8. Bb6 axb5 9. Nxb5 Bb4+ 10. c3 Ba5 11. Nc7+ Kf8 12. Nxa8 Qxa8 13. Qd6+ Nge7 14. Qa3 f5 15. b4 fxe4 16. bxa5 Kf7 17. Be2 Nd5 18. Qc5 Nf4 19. Bf1 Nd5 20. Bc4 Ne5 21. 0-0 d6 22. Qd4 Nxc4 23. Qxc4 Bd7 24. Qxe4 Bc6 25. Rfe1 Qc8 26. Rad1 h5 27. Be3 Ne7 28. Qd3 Nf5 29. c4 e5 30. Bc1 Qe6 31. Qb3 Qg6 32. c5+ Kf8 33. Qh3 Nd4 34. Kh1 Kf7 35. cxd6 Qxd6 36. Qg3 Re8 37. Bb2 Ba4 38. Rd2 Qh6 39. Qe3 Qf6 40. Rc1 Nf5 41. Qf3 Bc6 42. Qxh5+ g6 43. Qh7+ Ng7 44. Rdc2 Ra8 45. Rc5 Qxf2 46. Rxc6 bxc6 47. Bxe5 Rg8 48. Qh3 Re8 49. Qb3+ Ne6 50. Qc4 Kg8 51. Qxc6 Ng7 52. Qd5+ Kh7 53. h3 Qe3 54. Rc5 Rf8 55. Rc7 Rf1+ 56. Kh2 Qg1+ 57. Kg3 Qf2+ 58. Kh2 Qg1+ 59. Kg3 Qf2+ 60. Kg4 Qf5+ 1/2-1/2

[Event "GBR-ch 97th"]
[Site "Canterbury"]
[Date "2010.07.27"]
[Round "2"]
[White "Dorrington, Christopher"]
[Black "Freeman, Richard"]
[Result "1-0"]
[WhiteElo "2255"]
[BlackElo "2056"]
[PlyCount "93"]
[EventDate "2010.07.26"]
[EventType "swiss"]
[EventRounds "11"]
[EventCountry "ENG"]
[SourceTitle "CBM 137 Extra"]
[Source "ChessBase"]
[SourceDate "2010.09.01"]
[SourceVersion "1"]
[SourceVersionDate "2010.09.01"]
[SourceQuality "1"]

1. d4 g6 2. e4 d6 3. Nf3 Bg7 4. Nc3 Nf6 5. Be2 0-0 6. 0-0 c6 7. Re1 Qc7 8. a4 a5 9. e5 Ne8 10. Bf4 Bg4 11. h3 Bxf3 12. Bxf3 Nd7 13. Bg5 f6 14. exf6 Ndxf6 15. Qd2 Qd7 16. Rab1 d5 17. Bh6 Nd6 18. Bxg7 Kxg7 19. g3 Rf7 20. Bg2 Raf8 21. b3 Nfe4 22. Nxe4 Nxe4 23. Bxe4 dxe4 24. Rxe4 Rxf2 25. Qxf2 Rxf2 26. Kxf2 Qf5+ 27. Ke3 Qg5+ 28. Ke2 Qxg3 29. Rxe7+ Kh6 30. Re3 Qd6 31. Rd1 Qb4 32. c4 Qd6 33. Rd2 Qh2+ 34. Kd3 Qh1 35. Kc2 Qa1 36. d5 cxd5 37. cxd5 Qa2+ 38. Kd1 Qb1+ 39. Ke2 Qf5 40. d6 Qh5+ 41. Ke1 Qh4+ 42. Kd1 Qh5+ 43. Kc2 Qc5+ 44. Rc3 Qf5+ 45. Kb2 Qf4 46. Rcc2 b5 47. d7 1-0

[Event "British Universities-ch"]
[Site "Oxford"]
[Date "2010.02.28"]
[Round "5.1"]
[White "Vas, Peter1111"]
[Black "Dorrington, Christopher"]
[Result "0-1"]
[WhiteElo "2252"]
[BlackElo "2327"]
[PlyCount "54"]
[EventDate "2010.02.27"]
[EventType "team-swiss"]
[EventRounds "5"]
[EventCountry "ENG"]
[SourceTitle "EXT 2023"]
[Source "ChessBase"]
[SourceDate "2022.10.05"]
[SourceVersion "1"]
[SourceVersionDate "2022.10.05"]
[SourceQuality "1"]
[WhiteTeam "London UCL"]
[BlackTeam "Bath"]
[WhiteTeamCountry "ENG"]
[BlackTeamCountry "ENG"]

1. e4 c5 2. Nf3 d6 3. d4 Nf6 4. Nc3 cxd4 5. Nxd4 e6 6. Be2 Be7 7. 0-0 0-0 8. Be3 a6 9. a4 b6 10. f4 Bb7 11. Bf3 Qc7 12. f5 e5 13. Nb3 Nbd7 14. Qd2 Rac8 15. Rac1 Rfd8 16. g4 d5 17. exd5 e4 18. Nxe4 Nxd5 19. Bd4 Ne5 20. Bxe5 Qxe5 21. Qd4 Qxd4+ 22. Nxd4 Ne3 23. Rfe1 Bxe4 24. Rxe3 Bxf3 25. Nxf3 Bc5 26. Rce1 Re8 27. Kf2 Rxe3 0-1